Loading...
| Visual Arts | 1 | 3 | 0 | 2 | 45 | 73 | 120.50 | 0 | 3 | 0.00 | 0.00 |
| History - American | 2 | 1 | 0 | 1 | 40 | 60 | 81.33 | 0 | 0 | 0.00 | 0.00 |
| Science - Biology | 0 | 3 | 0 | 2 | 30 | 130 | 131.67 | 0 | 0 | 0.00 | 0.00 |
| History - World | 0 | 3 | 0 | 0 | 30 | 92 | 102.00 | 0 | 0 | 0.00 | 0.00 |
| History - European | 0 | 3 | 0 | 0 | 30 | 68 | 118.67 | 0 | 0 | 0.00 | 0.00 |
| Geography | 1 | 1 | 0 | 0 | 25 | 73 | 83.50 | 1 | 1 | 0.00 | 0.00 |
| Beliefs | 1 | 0 | 0 | 0 | 15 | 84 | 84.00 | 0 | 0 | 0.00 | 0.00 |
| Fine Arts - Other Arts | 1 | 0 | 0 | 0 | 15 | 53 | 53.00 | 1 | 1 | 0.00 | 0.00 |
| Literature - European | 0 | 1 | 0 | 0 | 10 | 145 | 145.00 | 0 | 0 | 0.00 | 0.00 |
| Other Academic | 0 | 1 | 0 | 0 | 10 | 132 | 132.00 | 0 | 0 | 0.00 | 0.00 |
| Philosophy | 0 | 1 | 0 | 0 | 10 | 141 | 141.00 | 0 | 0 | 0.00 | 0.00 |
| History - Other | 0 | 1 | 0 | 0 | 10 | 115 | 115.00 | 0 | 1 | 0.00 | 0.00 |
| Science - Other | 0 | 1 | 0 | 0 | 10 | 131 | 131.00 | 0 | 0 | 0.00 | 0.00 |
| Social Science | 0 | 1 | 0 | 0 | 10 | 123 | 123.00 | 0 | 0 | 0.00 | 0.00 |
| History - Ancient | 0 | 0 | 0 | 0 | 0 | 0.00 | 0 | 0 | 0.00 | 0.00 | |
| Science - Physics | 0 | 0 | 1 | 0 | -5 | 0.00 | 0 | 0 | 0.00 | 0.00 |